000 00679nam a22001937a 4500
005 20100811121813.0
010 _aENG-99457
020 _a9789380032528
_c295.00
035 _aEN-82989
037 _bDBAD/PUB
082 _a883
245 _aIndia shining India changing :
_bcontemporary stories/
_cedited by Gioia Guerzoni
260 _aChennai
_bTranquebar
_c2009
270 _a571,Poonamallee High Road,Kammaraj Bhavan Aminjikarai
_bChennai
_e600029
300 _a191p.
_c20cm (pbk)
700 _aGuerzoni,Gioia
_910780
942 _2ddc
_cEN
_h883
_mIND
999 _c40926
_d40926